Teatro Girasol (Record no. 52)

MARC details
000 -LEADER
campo de control de longitud fija 01031 a2200169 4500
020 ## - NÚMERO INTERNACIONAL ESTÁNDAR DEL LIBRO
Número Internacional Estándar del Libro 9789968470479
082 ## - NÚMERO DE LA CLASIFICACIÓN DECIMAL DEWEY
Número de clasificación 801.952
Número de ítem C1466t
100 ## - ENTRADA PRINCIPAL--NOMBRE DE PERSONA
Nombre de persona Calderon, Juan Carlos
9 (RLIN) 286
110 ## - ENTRADA PRINCIPAL--NOMBRE DE ENTIDAD CORPORATIVA
Nombre de entidad corporativa o nombre de jurisdicción como elemento de entrada Universidad de Costa Rica
9 (RLIN) 287
245 ## - MENCIÓN DEL TÍTULO
Título Teatro Girasol
Resto del título 15 aǫs de trabajo creativo
260 ## - PUBLICACIÓN, DISTRIBUCIÓN, ETC.
Lugar de publicación, distribución, etc. Costa Rica
Nombre del editor, distribuidor, etc. Universidad de Costa Rica
Fecha de publicación, distribución, etc. 2008
300 ## - DESCRIPCIÓN FÍSICA
Extensión 121 p
Otras características físicas ill (some color)
Dimensiones 16.4 cm
505 ## - NOTA DE CONTENIDO CON FORMATO
Título Girasol: un espectaculo con la vida
-- Objetivos y metodologia
-- Antecedentes 1997-2007
-- Teatro Girasol y su repertorio
-- Teatro Girasol en numeros
-- Los ausentes
-- Lista de integrantes del Teatro Girasol
-- Agradecimientos
-- Los Juankas
-- Los integrantes del Teatro Girasol opinan
-- Afiches del Teatro Girasol
-- Programas de mano, desplegables y separadores
-- Primera Jornada de teatros Universitarios Estudiantiles
-- Sinopsis de los principales montajes del Teatro Girasol
-- Sobre el Fundador y Director
-- Bibliografia
650 ## - PUNTO DE ACCESO ADICIONAL DE MATERIA--TÉRMINO DE MATERIA
Subdivisión general Teatro costarricense-historia
9 (RLIN) 288
700 ## - ENTRADA AGREGADA--NOMBRE PERSONAL
Nombre de persona Juan Carlos Calderon
9 (RLIN) 289
710 ## - ENTRADA AGREGADA--NOMBRE DE ENTIDAD CORPORATIVA
Nombre de entidad corporativa o nombre de jurisdicción como elemento de entrada Universidad de Costa Rica
9 (RLIN) 290
Holdings
Estatus retirado Estado de pérdida Fuente del sistema de clasificación o colocación Estado de daño No para préstamo Biblioteca de origen Biblioteca actual Ubicación en estantería Fecha de adquisición Total de préstamos Signatura topográfica completa Código de barras Visto por última vez Precio de reemplazo Tipo de ítem Koha
    Clasificación Decimal Dewey     Biblioteca LadoV Biblioteca LadoV   07/04/2014   801.952 C1466t 000041 07/04/2014 07/04/2014 Material 01